[Event "GER-ch U14"]
[Site "Willingen"]
[Date "2023.06.03"]
[Round "9"]
[White "Limmer, Marco"]
[Black "Wylie, Leonard"]
[Result "1-0"]
[WhiteElo "1774"]
[BlackElo "1546"]
[PlyCount "73"]
[EventDate "2023.05.27"]
[EventType "swiss"]
[EventRounds "9"]
[EventCountry "GER"]
[SourceTitle "CBM 214 Extra"]
[Source "ChessBase"]
[SourceDate "2023.07.31"]
[SourceVersion "1"]
[SourceVersionDate "2023.07.31"]
[SourceQuality "1"]

1. Nf3 Nf6 2. g3 b5 3. Bg2 Bb7 4. 0-0 e6 5. d3 Be7 6. e4 d5 7. e5 Nfd7 8. Re1 c5 9. Nbd2 Nc6 10. Qe2 a6 11. Nf1 Bc8 12. h4 Qc7 13. Bf4 Bb7 14. N1h2 h6 15. Ng4 0-0-0 16. c4 dxc4 17. dxc4 b4 18. a3 a5 19. axb4 axb4 20. Qf1 Qb6 21. Ra4 Kc7 22. Ne3 g5 23. hxg5 hxg5 24. Nxg5 Bxg5 25. Bxg5 Rdg8 26. Bf4 Ncxe5 27. Nd5+ exd5 28. Bxe5+ Nxe5 29. Rxe5 Re8 30. Rxe8 Rxe8 31. Bxd5 Bxd5 32. cxd5 Rd8 33. Ra6 Qb7 34. Rc6+ Kb8 35. Qc4 Rc8 36. Qxc5 Rxc6 37. dxc6 1-0

[Event "GER-ch U14"]
[Site "Willingen"]
[Date "2023.05.31"]
[Round "6"]
[White "Grabs, Peter"]
[Black "Wylie, Leonard"]
[Result "1/2-1/2"]
[WhiteElo "1552"]
[BlackElo "1546"]
[PlyCount "59"]
[EventDate "2023.05.27"]
[EventType "swiss"]
[EventRounds "9"]
[EventCountry "GER"]
[SourceTitle "CBM 214 Extra"]
[Source "ChessBase"]
[SourceDate "2023.07.31"]
[SourceVersion "1"]
[SourceVersionDate "2023.07.31"]
[SourceQuality "1"]

1. e4 e6 2. d4 d5 3. exd5 exd5 4. Bd3 Nf6 5. Ne2 c5 6. dxc5 Bxc5 7. 0-0 0-0 8. Bf4 Nc6 9. c3 Bg4 10. h3 Bh5 11. Qc2 Bxe2 12. Bxe2 d4 13. Rd1 Qe7 14. Bf3 Rac8 15. Nd2 dxc3 16. Qxc3 Nd4 17. Re1 Qd7 18. Rad1 Qa4 19. Be5 Nd7 20. b3 Nxf3+ 21. Nxf3 Qb5 22. Nd4 Bxd4 23. Qxd4 Nxe5 24. Rxe5 Qc6 25. Re7 Rce8 26. Qd7 Rxe7 27. Qxe7 Re8 28. Rd8 Qc1+ 29. Kh2 Qf4+ 30. Kg1 1/2-1/2

[Event "GER-ch U14"]
[Site "Willingen"]
[Date "2023.05.31"]
[Round "5"]
[White "Wylie, Leonard"]
[Black "Li, Luxuan"]
[Result "1-0"]
[WhiteElo "1546"]
[BlackElo "1403"]
[PlyCount "62"]
[EventDate "2023.05.27"]
[EventType "swiss"]
[EventRounds "9"]
[EventCountry "GER"]
[SourceTitle "CBM 214 Extra"]
[Source "ChessBase"]
[SourceDate "2023.07.31"]
[SourceVersion "1"]
[SourceVersionDate "2023.07.31"]
[SourceQuality "1"]

1. e4 e5 2. Nf3 Nc6 3. d4 exd4 4. Nxd4 Bc5 5. Nb3 Bb6 6. Nc3 d6 7. Qe2 Nge7 8. Be3 0-0 9. 0-0-0 Bxe3+ 10. Qxe3 a5 11. a4 Ng6 12. h3 Re8 13. g4 Nb4 14. f4 Qf6 15. f5 Nf8 16. Qd2 h6 17. h4 Nh7 18. Bc4 Bd7 19. Rdg1 g5 20. fxg6 Qxg6 21. g5 h5 22. Nd4 Nc6 23. Nf5 Ne5 24. Be2 Be6 25. Ng3 Bg4 26. Nd5 Nf3 27. Bxf3 Bxf3 28. Nf5 Qe6 29. Qc3 Qxf5 30. exf5 Bxd5 31. g6 Re5 1-0

[Event "GER-ch U14"]
[Site "Willingen"]
[Date "2023.05.30"]
[Round "4"]
[White "Mester, Philipp"]
[Black "Wylie, Leonard"]
[Result "1-0"]
[WhiteElo "1730"]
[BlackElo "1546"]
[PlyCount "119"]
[EventDate "2023.05.27"]
[EventType "swiss"]
[EventRounds "9"]
[EventCountry "GER"]
[SourceTitle "CBM 214 Extra"]
[Source "ChessBase"]
[SourceDate "2023.07.31"]
[SourceVersion "1"]
[SourceVersionDate "2023.07.31"]
[SourceQuality "1"]

1. d4 Nf6 2. c4 g6 3. f3 e6 4. e4 c5 5. d5 exd5 6. cxd5 d6 7. Nc3 a6 8. a4 Bg7 9. Nge2 Nbd7 10. Ng3 0-0 11. Be2 Rb8 12. 0-0 Ne5 13. f4 Ned7 14. e5 dxe5 15. f5 Nb6 16. d6 Ne8 17. a5 Nd7 18. Nge4 gxf5 19. Rxf5 Ndf6 20. Rf3 Nxe4 21. Nxe4 f5 22. Bg5 Nf6 23. Bxf6 Bxf6 24. Qd5+ Kh8 25. Nxc5 e4 26. Rb3 b5 27. axb6 Rxb6 28. Rxb6 Qxb6 29. Kf1 Qxb2 30. Rd1 Rd8 31. d7 Qb6 32. dxc8Q Rxc8 33. Nd7 Qc6 34. Qxf5 Bg7 35. Qc5 Qb7 36. Qb6 Qxb6 37. Nxb6 Rf8+ 38. Kg1 Bh6 39. Nd5 e3 40. Bxa6 Kg7 41. Be2 Kg6 42. Rf1 Rd8 43. Ne7+ Kg7 44. Nf5+ Kg6 45. Nxh6 Kxh6 46. Re1 Rf8 47. Bf3 Re8 48. Kf1 Kg5 49. Rd1 Kf4 50. Rd4+ Kf5 51. Ke2 Kg5 52. Be4 h5 53. Kxe3 h4 54. Kf2 h3 55. g3 Rb8 56. Rd5+ Kh6 57. g4 Rb2+ 58. Kg3 Rb3+ 59. Bd3 Rb7 60. Kxh3 1-0

[Event "GER-chT Lands U20"]
[Site "Wiesbaden"]
[Date "2022.10.02"]
[Round "3.4"]
[White "Wylie, Leonard"]
[Black "Vranckx, Oscar"]
[Result "0-1"]
[WhiteElo "1721"]
[BlackElo "1583"]
[PlyCount "86"]
[EventDate "2022.09.30"]
[EventType "team-swiss"]
[EventRounds "7"]
[EventCountry "GER"]
[SourceTitle "CBM 210 Extra"]
[Source "ChessBase"]
[SourceDate "2022.11.30"]
[SourceVersion "1"]
[SourceVersionDate "2022.11.30"]
[SourceQuality "1"]
[WhiteTeam "Wuerttemberg U20"]
[BlackTeam "Rheinland Pfalz U20"]
[WhiteTeamCountry "GER"]
[BlackTeamCountry "GER"]

1. e4 c5 2. c3 e5 3. Nf3 Nc6 4. Bc4 h6 5. 0-0 Nf6 6. d4 cxd4 7. cxd4 exd4 8. Nxd4 Bc5 9. Nxc6 dxc6 10. Nc3 Qc7 11. e5 Ng4 12. Bf4 0-0 13. h3 Nxe5 14. Ne4 Qe7 15. Bb3 Ng6 16. Nxc5 Nxf4 17. Qf3 Nxh3+ 18. gxh3 Qxc5 19. Rfe1 Qf5 20. Qxf5 Bxf5 21. Re7 b6 22. Rc7 Bxh3 23. Re1 Rac8 24. Rxa7 c5 25. Bc4 Bf5 26. Ree7 Bg6 27. Rab7 Rc6 28. Kh2 Rf6 29. Kg3 Rd8 30. f3 Rd4 31. b3 Rdf4 32. Bd5 Bh5 33. Be4 g5 34. Re8+ Kg7 35. Rbb8 Rxf3+ 36. Kg2 Rf2+ 37. Kg1 Rf1+ 38. Kh2 R6f2+ 39. Kg3 f5 40. Rg8+ Kf6 41. Bg2 f4+ 42. Kh3 Rg1 43. Rxb6+ Ke5 0-1

[Event "GER-ch U12"]
[Site "Willingen"]
[Date "2022.06.07"]
[Round "4"]
[White "Wylie, Leonard"]
[Black "Herrmann, Jakob"]
[Result "1-0"]
[WhiteElo "1733"]
[BlackElo "1803"]
[PlyCount "69"]
[EventDate "2022.06.04"]
[EventType "swiss"]
[EventRounds "9"]
[EventCountry "GER"]
[SourceTitle "CBM 208 Extra"]
[Source "ChessBase"]
[SourceDate "2022.07.31"]
[SourceVersion "1"]
[SourceVersionDate "2022.07.31"]
[SourceQuality "1"]

1. e4 c6 2. d4 d5 3. e5 Bf5 4. h4 Qb6 5. Nc3 Na6 6. Bxa6 Qxa6 7. Nge2 Bg4 8. f3 Bd7 9. Bg5 e6 10. Qd2 c5 11. h5 h6 12. Bh4 c4 13. f4 Ne7 14. g4 b5 15. f5 b4 16. fxe6 Bxe6 17. Nd1 Bxg4 18. Ne3 Bxe2 19. Qxe2 Qe6 20. Qg2 0-0-0 21. Kd2 Kb8 22. c3 Rg8 23. cxb4 Rd7 24. a3 Nf5 25. Nxf5 Qxf5 26. Qh3 Qf4+ 27. Kc3 Qe4 28. Rae1 Qh7 29. e6 fxe6 30. Rxe6 Bd6 31. Rg6 Kc7 32. Re1 Rf8 33. Ree6 Qg8 34. Rxd6 Rxd6 35. Qg3 1-0

[Event "GER-ch U12"]
[Site "Willingen"]
[Date "2022.06.05"]
[Round "1"]
[White "Li, Luxuan"]
[Black "Wylie, Leonard"]
[Result "1-0"]
[WhiteElo "1235"]
[BlackElo "1733"]
[PlyCount "83"]
[EventDate "2022.06.04"]
[EventType "swiss"]
[EventRounds "9"]
[EventCountry "GER"]
[SourceTitle "CBM 208 Extra"]
[Source "ChessBase"]
[SourceDate "2022.07.31"]
[SourceVersion "1"]
[SourceVersionDate "2022.07.31"]
[SourceQuality "1"]

1. e4 e6 2. d4 d5 3. exd5 exd5 4. Nc3 Nc6 5. Bf4 Bb4 6. a3 Ba5 7. Bb5 Nge7 8. Nge2 Be6 9. 0-0 Qd7 10. Re1 0-0-0 11. b4 Bb6 12. Na4 f6 13. Rc1 a6 14. Nxb6+ cxb6 15. Bd3 h5 16. h4 Rdg8 17. Qd2 Bf5 18. Ng3 Be6 19. Qe2 Bg4 20. f3 Bf5 21. Qd2 g6 22. b5 Nb8 23. a4 Qd8 24. Qb4 Rg7 25. Re2 a5 26. Qa3 Rhh7 27. c4 Bxd3 28. Qxd3 Kd7 29. cxd5 Nxd5 30. Qe4 Qg8 31. Bxb8 Re7 32. Qc2 Qxb8 33. Rxe7+ Nxe7 34. Ne4 Qf4 35. d5 Rh8 36. Rd1 Qe5 37. d6 Nd5 38. Rxd5 Qe6 39. Qc7+ Ke8 40. d7+ Kf7 41. d8Q+ Qe7 42. Qcxe7# 1-0

[Event "GER-ch U12"]
[Site "Willingen"]
[Date "2022.06.05"]
[Round "2"]
[White "Wylie, Leonard"]
[Black "Xu, Wanghan"]
[Result "1-0"]
[WhiteElo "1733"]
[BlackElo "1419"]
[PlyCount "125"]
[EventDate "2022.06.04"]
[EventType "swiss"]
[EventRounds "9"]
[EventCountry "GER"]
[SourceTitle "CBM 208 Extra"]
[Source "ChessBase"]
[SourceDate "2022.07.31"]
[SourceVersion "1"]
[SourceVersionDate "2022.07.31"]
[SourceQuality "1"]

1. e4 e5 2. d4 exd4 3. Bc4 Bc5 4. c3 dxc3 5. Bxf7+ Kxf7 6. Qd5+ Ke8 7. Qh5+ Kf8 8. Qxc5+ d6 9. Qxc3 Nf6 10. Bg5 Bd7 11. Nf3 Nc6 12. Nbd2 Kf7 13. Qb3+ Be6 14. Qxb7 Qd7 15. 0-0 Rhb8 16. Qa6 Rb6 17. Qa3 Kg8 18. Qc3 Rf8 19. Be3 Rbb8 20. Ng5 h6 21. Nxe6 Qxe6 22. Qxc6 Qe7 23. b3 Ng4 24. Bxa7 Ra8 25. Bd4 Ra5 26. h3 Qg5 27. hxg4 Qxg4 28. Qc4+ Kh7 29. Qc3 Rg5 30. Qg3 Qh5 31. Qh2 Qg6 32. Rae1 Rh5 33. Qg3 Rg5 34. Qh3 Rh5 35. Qd3 Rf4 36. Qg3 Rg4 37. Qf3 Rgh4 38. g3 Rg4 39. e5 Rh3 40. Kg2 Rh5 41. e6 Rf5 42. Qxf5 Qxf5 43. e7 Rxd4 44. e8Q Rxd2 45. Qe4 Qxe4+ 46. Rxe4 Rxa2 47. Re7 Rb2 48. Rxc7 Rxb3 49. Rd1 Rb6 50. Rd7 Rb2 51. R1xd6 Rb5 52. Re6 Rg5 53. Ree7 h5 54. f4 Rg4 55. Kh3 Kh6 56. Re6+ Kh7 57. Rd5 g6 58. Rd7+ Kh6 59. Re8 Rxf4 60. gxf4 g5 61. f5 g4+ 62. Kh4 g3 63. Rh8# 1-0